00818nam a2200205 a 450000100100000000500170001000800410002702000150006804000250008310000430010824500850015126000750023630000210031150000490033250000420038150000350042359000260045895201110048499900170059500004106720201002034607.0130917s1989 sp 000 0 spa d a8400070062 aDO-SdBNPbspacBNPHU1 aBasáñez Villaluenga, Blanca96756513aLa aljama sarracena de huesca en el siglo XIV /cBlanca Basáñez Villaluenga. aBarcelona :bConsejo Superior de Investigaciones Científicas,c1989. a275 p. ;c25 cm. aIncluye índice onomástico y toponímico aIncluye notas al pie de las páginas aAnuario de estudios medievales aInventariado, 2019/VM 001054708MOaGRbGRcHDd2013-09-17iLF1l0o p41067-10r2020-06-25w2020-06-25y4ZPréstamo en sala c40557d40557